| 000 | 01124nam a2200289Ia 4500 | ||
|---|---|---|---|
| 001 | ebr10634131 | ||
| 003 | CaPaEBR | ||
| 006 | m u | ||
| 007 | cr cn||||||||| | ||
| 008 | 121227r20122011enk sb 000 0 eng d | ||
| 020 | _z9780718840907 (ebook) | ||
| 020 | _z9780718892661 | ||
| 040 |
_aCaPaEBR _cCaPaEBR |
||
| 035 | _a(OCoLC)847592096 | ||
| 050 | 1 | 4 |
_aBX2461.3 _b.V47 2012eb |
| 100 | 1 | _aVerploegen, Nicki. | |
| 245 | 1 | 0 |
_aLegacy of the founders _h[electronic resource] : _bfrom monks to missionaries / _cNicki Verploegen. |
| 260 |
_aCambridge, U.K. : _bLutterworth Press, _c2012, c2011. |
||
| 300 | _axiv, 134 p. | ||
| 504 | _aIncludes bibliographical references. | ||
| 533 |
_aElectronic reproduction. _bPalo Alto, Calif. : _cebrary, _d2013. _nAvailable via World Wide Web. _nAccess may be limited to ebrary affiliated libraries. |
||
| 650 | 0 | _aMonastic and religious life. | |
| 650 | 0 | _aMissions. | |
| 655 | 7 |
_aElectronic books. _2local |
|
| 710 | 2 | _aebrary, Inc. | |
| 856 | 4 | 0 |
_uhttp://site.ebrary.com/lib/rucke/Doc?id=10634131 _zAn electronic book accessible through the World Wide Web; click to view |
| 999 |
_c157314 _d157314 |
||